| 000 | 00762nac a22002291u 4500 | ||
|---|---|---|---|
| 008 | 100720t1999 xxu|||||r|||| 000 0 eng d | ||
| 010 | _a99026709 | ||
| 020 | _a0872204650 (alk. paper) | ||
| 020 | _a0872204642 (pbk. : alk. paper) | ||
| 020 | _a9780872204645 | ||
| 035 | _a(DLC) 99026709 | ||
| 082 | 0 | 0 |
_a171.3 _bARI _222 |
| 100 |
_91117 _aAristotle |
||
| 245 | 1 | 0 |
_aNicomachean Ethics / _cAristotle ; translated with introduction, notes, and glossary by Terence Irwin. |
| 250 | _a2nd ed. | ||
| 260 |
_aIndianapolis, Ind. : _bHackett Pub. Co., _cc1999. |
||
| 300 |
_axxviii, 360 p. ; _c24 cm. |
||
| 504 | _aIncludes bibliographical references (p. 355-360). | ||
| 650 | 0 |
_aEthics. _916518 |
|
| 700 | 1 |
_aIrwin, Terence. _916519 |
|
| 942 |
_a171.3 ARI _cBB _2ddc |
||
| 999 |
_c1543 _d1543 |
||